[Event "Hradec Kralove Region-chT 2223"]
[Site "Czech Republic"]
[Date "2023.03.19"]
[Round "10.2"]
[White "Velecky, Viktor"]
[Black "Chmelar, Vitezslav"]
[Result "1/2-1/2"]
[WhiteElo "2122"]
[BlackElo "1858"]
[PlyCount "82"]
[EventDate "2022.10.09"]
[EventType "team-tourn"]
[EventRounds "11"]
[EventCountry "CZE"]
[SourceTitle "EXT 2024"]
[Source "ChessBase"]
[SourceDate "2023.10.10"]
[SourceVersion "1"]
[SourceVersionDate "2023.10.10"]
[SourceQuality "1"]

1. d4 d5 2. c4 e6 3. Nc3 Nf6 4. Bg5 Be7 5. e3 h6 6. Bh4 0-0 7. Nf3 Nbd7 8. Bd3 b6 9. 0-0 Bb7 10. Rc1 c5 11. cxd5 Nxd5 12. Bg3 N7f6 13. Ne5 Nxc3 14. bxc3 Qd5 15. f3 Qxa2 16. Bb1 Qa3 17. Qc2 cxd4 18. exd4 Rfd8 19. Bh4 Rac8 20. Rfd1 Ba6 21. Ng4 Kf8 22. Bxf6 Bxf6 23. Nxf6 gxf6 24. Qd2 Kg7 25. Re1 Qa5 26. Re4 Rh8 27. Qe3 h5 28. f4 Bb7 29. Qg3+ Kf8 30. Re2 Rg8 31. Qe3 Qd5 32. Qd2 f5 33. Ba2 Qf3 34. c4 Qa3 35. Rce1 Be4 36. Rxe4 fxe4 37. Rxe4 a5 38. f5 Qf3 39. Re1 Qxf5 40. d5 exd5 41. Qh6+ Rg7 1/2-1/2

[Event "Hradec Kralove Region-chT 2223"]
[Site "Czech Republic"]
[Date "2023.01.15"]
[Round "6.2"]
[White "Velecky, Viktor"]
[Black "Kratky, Josef"]
[Result "1-0"]
[WhiteElo "2122"]
[BlackElo "2074"]
[PlyCount "61"]
[EventDate "2022.10.09"]
[EventType "team-tourn"]
[EventRounds "11"]
[EventCountry "CZE"]
[SourceTitle "EXT 2024"]
[Source "ChessBase"]
[SourceDate "2023.10.10"]
[SourceVersion "1"]
[SourceVersionDate "2023.10.10"]
[SourceQuality "1"]

1. c4 c5 2. Nc3 g6 3. Nf3 Bg7 4. e4 Nc6 5. g3 e5 6. d3 d6 7. Bg2 Nge7 8. Be3 Nd4 9. Qd2 Bh3 10. 0-0 Nxf3+ 11. Bxf3 Bxf1 12. Rxf1 Qd7 13. Kg2 h5 14. h4 0-0-0 15. b4 b6 16. Rb1 f5 17. Bg5 f4 18. gxf4 exf4 19. bxc5 dxc5 20. Nd5 Nxd5 21. cxd5 Rdf8 22. a4 Bh6 23. d4 Bxg5 24. hxg5 c4 25. Qb4 Qd8 26. e5 Qxg5+ 27. Kf1 Qf5 28. Qxc4+ Kb8 29. d6 Qxb1+ 30. Kg2 Rh7 31. Qd5 1-0

[Event "Hradec Kralove Region-chT 2223"]
[Site "Czech Republic"]
[Date "2022.11.27"]
[Round "4.2"]
[White "Vestfal, Jan"]
[Black "Velecky, Viktor"]
[Result "1-0"]
[WhiteElo "2026"]
[BlackElo "2122"]
[PlyCount "63"]
[EventDate "2022.10.09"]
[EventType "team-tourn"]
[EventRounds "11"]
[EventCountry "CZE"]
[SourceTitle "EXT 2024"]
[Source "ChessBase"]
[SourceDate "2023.10.10"]
[SourceVersion "1"]
[SourceVersionDate "2023.10.10"]
[SourceQuality "1"]

1. d4 d5 2. c4 e6 3. Nf3 Nf6 4. Nc3 c6 5. e3 Nbd7 6. Qc2 Be7 7. b3 0-0 8. Bd3 Re8 9. 0-0 c5 10. cxd5 exd5 11. Bb2 a6 12. Rfd1 b5 13. dxc5 Nxc5 14. Bf5 Bb7 15. Rac1 g6 16. Bh3 b4 17. Ne2 Nce4 18. Qc7 Bc8 19. Qxd8 Rxd8 20. Bxc8 Raxc8 21. Ne5 Bc5 22. Nd3 Be7 23. f3 Ng5 24. Nxb4 Rxc1 25. Nxc1 Rc8 26. Ncd3 a5 27. Bxf6 Bxf6 28. Nxd5 Kg7 29. Rc1 Rd8 30. N3f4 Ne6 31. Nxe6+ fxe6 32. Rc7+ 1-0

[Event "Hradec Kralove Region-chT 2223"]
[Site "Czech Republic"]
[Date "2022.10.30"]
[Round "2.2"]
[White "Prazak, Matous"]
[Black "Velecky, Viktor"]
[Result "1-0"]
[WhiteElo "1884"]
[BlackElo "2122"]
[PlyCount "77"]
[EventDate "2022.10.09"]
[EventType "team-tourn"]
[EventRounds "11"]
[EventCountry "CZE"]
[SourceTitle "EXT 2024"]
[Source "ChessBase"]
[SourceDate "2023.10.10"]
[SourceVersion "1"]
[SourceVersionDate "2023.10.10"]
[SourceQuality "1"]

1. c4 e5 2. Nc3 Nf6 3. g3 c6 4. Nf3 d6 5. Bg2 Be7 6. 0-0 0-0 7. d3 Bg4 8. h3 Bh5 9. g4 Bg6 10. Nh4 Nbd7 11. b4 d5 12. Nxg6 hxg6 13. b5 Qa5 14. Bd2 Bb4 15. bxc6 bxc6 16. Qc2 Qc7 17. Nxd5 Nxd5 18. cxd5 Bxd2 19. Qxd2 cxd5 20. Bxd5 Rad8 21. Rac1 Qd6 22. Bg2 Nc5 23. Qa5 Ne6 24. Qxa7 Nf4 25. Rc2 g5 26. Qe3 g6 27. a4 Rc8 28. Rfc1 Rxc2 29. Rxc2 Rb8 30. Bf1 Rb1 31. Rc1 Rb2 32. Ra1 Qb4 33. a5 Rb1 34. Rxb1 Qxb1 35. a6 Qa1 36. a7 Kh7 37. Kh2 Qxf1 38. a8Q Nxe2 39. Qh1 1-0

[Event "CZE-chT2D 1718"]
[Site "Czech Republic"]
[Date "2018.01.14"]
[Round "6.4"]
[White "Velecky, Viktor"]
[Black "Fisar, Josef"]
[Result "1-0"]
[WhiteElo "2050"]
[BlackElo "2076"]
[PlyCount "81"]
[EventDate "2017.10.15"]
[EventType "team-tourn"]
[EventRounds "11"]
[EventCountry "CZE"]
[SourceTitle "EXT 2022"]
[Source "ChessBase"]
[SourceDate "2021.10.06"]
[SourceVersion "1"]
[SourceVersionDate "2021.10.06"]
[SourceQuality "1"]
[WhiteTeam "Nachod"]
[BlackTeam "Zdar nad Sazavou"]
[WhiteTeamCountry "CZE"]
[BlackTeamCountry "CZE"]

1. c4 b6 2. Nc3 Bb7 3. d4 e6 4. e4 Bb4 5. d5 Bxc3+ 6. bxc3 e5 7. f4 Qf6 8. Nf3 d6 9. fxe5 dxe5 10. Qa4+ c6 11. c5 Nd7 12. Ba3 Ne7 13. Be2 Qf4 14. Rd1 0-0 15. g3 Qe3 16. Rd3 Qh6 17. 0-0 cxd5 18. Qxd7 dxe4 19. Bc1 exd3 20. Bxh6 dxe2 21. Qxb7 exf1Q+ 22. Kxf1 Ng6 23. Be3 bxc5 24. Bxc5 Rfb8 25. Qd5 Rb1+ 26. Ke2 Re8 27. Ng5 Nh8 28. h4 h6 29. Ne4 a6 30. h5 Re6 31. Bd6 Kh7 32. Qd3 Rb2+ 33. Ke3 g6 34. g4 Rxa2 35. g5 Rh2 36. Qf1 Rh4 37. Nf6+ Kg7 38. gxh6+ Kxh6 39. Bf8+ Kg5 40. Bg7 Rf4 41. Qg2+ 1-0

[Event "Nachod op 11th"]
[Site "Nachod"]
[Date "2013.07.05"]
[Round "7"]
[White "Gorecki, Janusz"]
[Black "Velecky, Viktor"]
[Result "0-1"]
[WhiteElo "1898"]
[BlackElo "2111"]
[PlyCount "68"]
[EventDate "2013.06.29"]
[EventType "swiss"]
[EventRounds "9"]
[EventCountry "CZE"]
[SourceTitle "CBM 155 Extra"]
[Source "ChessBase"]
[SourceDate "2013.08.26"]
[SourceVersion "1"]
[SourceVersionDate "2013.08.26"]
[SourceQuality "1"]

1. e4 c6 2. d4 d5 3. Nc3 dxe4 4. Nxe4 Nf6 5. Nxf6+ exf6 6. Nf3 Bg4 7. Be2 Bd6 8. 0-0 Qc7 9. h3 Be6 10. c4 0-0 11. c5 Bf4 12. Be3 Nd7 13. b4 Rad8 14. Qd2 Bxe3 15. fxe3 Rfe8 16. Rae1 Qg3 17. Kh1 f5 18. Bd1 Nf6 19. Qf2 Ne4 20. Qb2 Bc4 21. Bb3 Bxf1 22. Rxf1 Re7 23. Bc4 g5 24. Qe2 Qc7 25. Qd3 h6 26. Kg1 Qg3 27. Qb3 Kg7 28. a4 g4 29. hxg4 fxg4 30. d5 gxf3 31. Rxf3 Qe1+ 32. Kh2 Re5 33. Rh3 Ng5 34. Rg3 Re4 0-1

[Event "Nachod op 11th"]
[Site "Nachod"]
[Date "2013.07.04"]
[Round "6"]
[White "Velecky, Viktor"]
[Black "Zizka, Jan"]
[Result "1/2-1/2"]
[WhiteElo "2111"]
[BlackElo "1888"]
[PlyCount "76"]
[EventDate "2013.06.29"]
[EventType "swiss"]
[EventRounds "9"]
[EventCountry "CZE"]
[SourceTitle "CBM 155 Extra"]
[Source "ChessBase"]
[SourceDate "2013.08.26"]
[SourceVersion "1"]
[SourceVersionDate "2013.08.26"]
[SourceQuality "1"]

1. d4 Nf6 2. c4 g6 3. Nf3 Bg7 4. Nc3 d6 5. g3 c6 6. Bg2 0-0 7. 0-0 Qc7 8. b3 Re8 9. Bb2 Nbd7 10. e4 e5 11. Qd2 Nh5 12. Rad1 Nf8 13. Rfe1 Bg4 14. Ne2 Rad8 15. h3 Bc8 16. d5 c5 17. g4 Nf6 18. Ng3 Kh8 19. a3 b6 20. Qc3 Ba6 21. Rc1 N8d7 22. Rc2 Rg8 23. Bc1 Bc8 24. b4 Nf8 25. Qb3 Qe7 26. a4 h5 27. g5 N6h7 28. h4 f6 29. a5 Bg4 30. axb6 axb6 31. bxc5 bxc5 32. Nh2 Bc8 33. Nf3 Bg4 34. Ra2 Bxf3 35. Bxf3 fxg5 36. hxg5 Nxg5 37. Bg2 Nfh7 38. Qb6 h4 1/2-1/2

[Event "Nachod op 11th"]
[Site "Nachod"]
[Date "2013.07.01"]
[Round "3"]
[White "Rosko, Lubos"]
[Black "Velecky, Viktor"]
[Result "1/2-1/2"]
[WhiteElo "2337"]
[BlackElo "2111"]
[PlyCount "74"]
[EventDate "2013.06.29"]
[EventType "swiss"]
[EventRounds "9"]
[EventCountry "CZE"]
[SourceTitle "CBM 155 Extra"]
[Source "ChessBase"]
[SourceDate "2013.08.26"]
[SourceVersion "1"]
[SourceVersionDate "2013.08.26"]
[SourceQuality "1"]

1. d4 Nf6 2. c4 e6 3. Nc3 d5 4. cxd5 exd5 5. Bg5 c6 6. e3 h6 7. Bh4 Bf5 8. Qf3 Bg6 9. Bxf6 Qxf6 10. Qxf6 gxf6 11. Nge2 Bd6 12. g3 Nd7 13. Nf4 f5 14. Bd3 Nf6 15. f3 Kd7 16. Kf2 Rhe8 17. Rhe1 h5 18. h4 a5 19. Na4 Kc7 20. Rac1 Re7 21. a3 Rae8 22. Bf1 Kb8 23. Nc5 b6 24. Ncd3 Kb7 25. b4 Ra8 26. Rb1 axb4 27. axb4 Ra2+ 28. Re2 Rxe2+ 29. Nxe2 Re8 30. Nef4 Ra8 31. Ne5 Ra2+ 32. Kg1 Bxe5 33. dxe5 Nd7 34. Nd3 f6 35. exf6 Nxf6 36. Ne5 Be8 37. Bd3 Nd7 1/2-1/2

[Event "CZE-chT2D 1213"]
[Site "Czech Republic"]
[Date "2013.02.03"]
[Round "8.1"]
[White "Prandstetter, Eduard"]
[Black "Velecky, Viktor"]
[Result "1-0"]
[WhiteElo "2274"]
[BlackElo "2153"]
[PlyCount "145"]
[EventDate "2012.10.14"]
[EventType "team-tourn"]
[EventRounds "11"]
[EventCountry "CZE"]
[SourceTitle "EXT 2016"]
[Source "ChessBase"]
[SourceDate "2015.10.08"]
[SourceVersion "1"]
[SourceVersionDate "2015.10.08"]
[SourceQuality "1"]
[WhiteTeam "Pardubice Rapid II"]
[BlackTeam "Nachod"]
[WhiteTeamCountry "CZE"]
[BlackTeamCountry "CZE"]

1. e4 c6 2. d4 d5 3. Nd2 dxe4 4. Nxe4 Bf5 5. Ng3 Bg6 6. Nh3 h6 7. Nf4 Bh7 8. Bc4 Nf6 9. 0-0 Nd5 10. c3 e6 11. Re1 Be7 12. Ngh5 0-0 13. Qg4 Bf6 14. Bb3 Bf5 15. Qg3 Kh7 16. Nxd5 cxd5 17. Nxf6+ Qxf6 18. Qc7 Nc6 19. Qxb7 Na5 20. Qb5 Nxb3 21. Qxb3 Qg6 22. Qd1 Be4 23. f3 Bc2 24. Qe2 Rfb8 25. Qf2 a5 26. h4 a4 27. h5 Qd3 28. Re2 Qd1+ 29. Re1 Qd3 30. Re2 Qd1+ 31. Kh2 Bd3 32. Rd2 Qf1 33. Qg3 Bf5 34. Rf2 Qd3 35. Qf4 Kg8 36. Qg3 Kh8 37. Bf4 Rb7 38. Bd6 Qe3 39. Bf4 Qd3 40. Rd2 Qb5 41. Bd6 Qc6 42. Bb4 Rd7 43. Qf4 Qc8 44. g4 Bh7 45. Rg1 Qd8 46. Qg3 Qc7 47. Qxc7 Rxc7 48. Re1 Rc6 49. Kg3 Kg8 50. Re3 f6 51. Kf2 Kf7 52. b3 g5 53. bxa4 Rxa4 54. a3 f5 55. Ke1 fxg4 56. fxg4 Be4 57. Rf2+ Kg7 58. Bf8+ Kg8 59. Rf6 Ra8 60. Bxh6 Rxa3 61. Rf8+ Kh7 62. Bxg5 Rcxc3 63. Rxc3 Rxc3 64. Bf6 Kh6 65. Rh8+ Bh7 66. g5+ Kxh5 67. Rxh7+ Kg6 68. Rh6+ Kf5 69. Be7 e5 70. Rf6+ Ke4 71. dxe5 d4 72. e6 d3 73. Bb4 1-0

[Event "Nachod op"]
[Site "Nachod"]
[Date "2012.07.06"]
[Round "7"]
[White "Velecky, Viktor"]
[Black "Lizner, Milan"]
[Result "1-0"]
[WhiteElo "2169"]
[BlackElo "2019"]
[PlyCount "51"]
[EventDate "2012.06.30"]
[EventType "swiss"]
[EventRounds "9"]
[EventCountry "CZE"]
[SourceTitle "CBM 149 Extra"]
[Source "ChessBase"]
[SourceDate "2012.08.24"]
[SourceVersion "1"]
[SourceVersionDate "2012.08.24"]
[SourceQuality "1"]

1. c4 f5 2. Nc3 Nf6 3. g3 g6 4. Bg2 Bg7 5. d3 d6 6. Qd2 c6 7. b3 e5 8. Bb2 a5 9. d4 0-0 10. e3 Na6 11. Nge2 Qe7 12. 0-0 Bd7 13. Na4 Nc7 14. Bc3 exd4 15. Bxd4 b5 16. Nb6 Ra6 17. Nxd7 Qxd7 18. cxb5 Nxb5 19. Bb2 d5 20. Rac1 Nd6 21. Nd4 Nde4 22. Qc2 Rc8 23. h3 c5 24. Rfd1 Raa8 25. Ne2 Qe6 26. Nf4 1-0

[Event "Nachod op"]
[Site "Nachod"]
[Date "2012.07.05"]
[Round "6"]
[White "Krejci, Jan"]
[Black "Velecky, Viktor"]
[Result "1-0"]
[WhiteElo "2205"]
[BlackElo "2169"]
[PlyCount "105"]
[EventDate "2012.06.30"]
[EventType "swiss"]
[EventRounds "9"]
[EventCountry "CZE"]
[SourceTitle "CBM 149 Extra"]
[Source "ChessBase"]
[SourceDate "2012.08.24"]
[SourceVersion "1"]
[SourceVersionDate "2012.08.24"]
[SourceQuality "1"]

1. d4 Nf6 2. c4 c6 3. Nc3 d5 4. Nf3 dxc4 5. e3 Bg4 6. Bxc4 e6 7. h3 Bh5 8. Be2 Nbd7 9. 0-0 Be7 10. e4 0-0 11. Bf4 Qb6 12. Na4 Qa5 13. Bd2 Qc7 14. Nc3 Bg6 15. Qc2 c5 16. Be3 Nd5 17. Nd2 Nxe3 18. fxe3 Bg5 19. Nd1 Rac8 20. Rc1 Qg3 21. Nf3 Nf6 22. Nxg5 Qxg5 23. Bf3 h5 24. dxc5 Rc7 25. b4 Rfc8 26. Nf2 b6 27. Qd2 bxc5 28. Rxc5 Rxc5 29. bxc5 Qxc5 30. Rd1 Qc4 31. e5 Ne4 32. Nxe4 Bxe4 33. Bxh5 g6 34. Bf3 Bxf3 35. gxf3 Qh4 36. Kh2 Kg7 37. f4 a5 38. Rg1 a4 39. Rg2 Qe7 40. Qd4 a3 41. e4 Qh4 42. Qe3 Rc4 43. Re2 Rb4 44. Qxa3 Qxf4+ 45. Qg3 Qxg3+ 46. Kxg3 Kh6 47. Kg4 Ra4 48. Kf4 Ra3 49. Kg4 Ra4 50. Kg3 Kh5 51. Rf2 Rxe4 52. Rxf7 Rxe5 53. Kf4 1-0

[Event "Nachod op 9th"]
[Site "Nachod"]
[Date "2011.07.10"]
[Round "9"]
[White "Kazakov, Mikhail"]
[Black "Velecky, Viktor"]
[Result "1-0"]
[WhiteElo "2471"]
[BlackElo "2161"]
[PlyCount "51"]
[EventDate "2011.07.02"]
[EventType "swiss"]
[EventRounds "9"]
[EventCountry "CZE"]
[SourceTitle "EXT 2012"]
[Source "ChessBase"]
[SourceDate "2011.11.24"]
[SourceVersion "1"]
[SourceVersionDate "2011.11.24"]
[SourceQuality "1"]

1. e4 c6 2. d4 d5 3. exd5 cxd5 4. c4 Nf6 5. Nc3 e6 6. Nf3 Be7 7. cxd5 Nxd5 8. Bd3 Nc6 9. 0-0 0-0 10. Re1 Nf6 11. a3 b6 12. Bc2 Bb7 13. Qd3 g6 14. Bh6 Re8 15. Rad1 Nd5 16. Ne4 Bf8 17. Bxf8 Kxf8 18. Nfg5 Kg7 19. Qh3 Nf6 20. Nxf6 Qxf6 21. Qxh7+ Kf8 22. Qh6+ Ke7 23. Nxe6 fxe6 24. Qh7+ Kf8 25. Qxb7 Ne7 26. Bb3 1-0

[Event "Nachod op 9th"]
[Site "Nachod"]
[Date "2011.07.08"]
[Round "7"]
[White "Furman, Boris"]
[Black "Velecky, Viktor"]
[Result "1-0"]
[WhiteElo "2262"]
[BlackElo "2161"]
[PlyCount "87"]
[EventDate "2011.07.02"]
[EventType "swiss"]
[EventRounds "9"]
[EventCountry "CZE"]
[SourceTitle "EXT 2012"]
[Source "ChessBase"]
[SourceDate "2011.11.24"]
[SourceVersion "1"]
[SourceVersionDate "2011.11.24"]
[SourceQuality "1"]

1. d4 e6 2. c4 Nf6 3. Nc3 d5 4. cxd5 exd5 5. Bg5 c6 6. e3 Qa5 7. Bxf6 gxf6 8. Bd3 Rg8 9. Qf3 Bg4 10. Qxf6 Nd7 11. Qh4 Bb4 12. Nge2 Qc7 13. Rc1 Nf8 14. 0-0 Qd7 15. Nf4 Bf3 16. g3 Bg4 17. Nh5 Be7 18. Nf6+ Kd8 19. Nxd7 Bxh4 20. Nxf8 Rxf8 21. e4 dxe4 22. Bxe4 f5 23. Bg2 Bg5 24. f4 Bf6 25. d5 Bd4+ 26. Kh1 c5 27. h3 Bh5 28. Bf3 Bxf3+ 29. Rxf3 b6 30. Rc2 Re8 31. Nb5 Bf6 32. Nd6 Re1+ 33. Kg2 Kd7 34. Nxf5 Rae8 35. b3 Ra1 36. Rf1 Rxf1 37. Kxf1 a5 38. Re2 Ra8 39. Re6 Bd8 40. Rh6 a4 41. Rxh7+ Ke8 42. d6 axb3 43. axb3 Bf6 44. Rb7 1-0

[Event "Nachod op 9th"]
[Site "Nachod"]
[Date "2011.07.05"]
[Round "4.13"]
[White "Velecky, Viktor"]
[Black "Slampa, Jan"]
[Result "1-0"]
[WhiteElo "2161"]
[BlackElo "1970"]
[PlyCount "171"]
[EventDate "2011.07.02"]
[EventType "swiss"]
[EventRounds "9"]
[EventCountry "CZE"]
[SourceTitle "EXT 2012"]
[Source "ChessBase"]
[SourceDate "2011.11.24"]
[SourceVersion "1"]
[SourceVersionDate "2011.11.24"]
[SourceQuality "1"]

1. c4 c6 2. d4 d5 3. Nc3 e6 4. e4 dxe4 5. Nxe4 Be7 6. Nf3 Nf6 7. Bd3 b6 8. 0-0 Bb7 9. c5 Na6 10. Bf4 bxc5 11. Nxc5 Bxc5 12. dxc5 Nxc5 13. Bc4 Nd5 14. Be5 0-0 15. Qe2 Re8 16. Rfd1 Nd7 17. Bg3 Rc8 18. Rac1 Qe7 19. Rd4 e5 20. Rdd1 N7b6 21. Bb3 c5 22. Bh4 f6 23. Nd2 Kh8 24. Qg4 Nf4 25. Nc4 Nxc4 26. Bxc4 Bxg2 27. Rd7 Bh3 28. Rxe7 Bxg4 29. Rxa7 Bf3 30. Bg3 Ne6 31. Re1 Nd4 32. Ra5 Red8 33. h4 Bc6 34. Kf1 Nf3 35. Rc1 Nd2+ 36. Ke2 Rd4 37. Bd3 Rcd8 38. Rc3 Ne4 39. Bxe4 Rxe4+ 40. Re3 Red4 41. Rc3 Rd2+ 42. Ke3 c4 43. Raa3 R2d4 44. f3 e4 45. Bc7 R8d7 46. Bb6 Rd3+ 47. Rxd3 exd3 48. Ba5 Re7+ 49. Kd4 Bxf3 50. Kxc4 Be2 51. Bd2 Kg8 52. b4 f5 53. Kd4 Re4+ 54. Kc3 Re7 55. b5 Rb7 56. Rb3 Rc7+ 57. Kd4 f4 58. b6 Rb7 59. Bxf4 Kf7 60. a4 Bd1 61. Rb4 Bxa4 62. Rxa4 Rxb6 63. Kxd3 Rb5 64. Ke4 Rh5 65. Ra7+ Kg6 66. Ra6+ Kf7 67. Ra7+ Kg6 68. Bg3 Rb5 69. Kf3 Kf6 70. Kg4 Rb4+ 71. Bf4 Rc4 72. Ra6+ Kf7 73. Kf5 g6+ 74. Kg4 h6 75. Ra7+ Kf6 76. Rh7 Rb4 77. Kg3 Rb3+ 78. Kf2 Rb2+ 79. Kf3 Rb3+ 80. Be3 Ra3 81. Ke4 h5 82. Rb7 Ra4+ 83. Bd4+ Ke6 84. Rg7 Rb4 85. Rxg6+ Kf7 86. Rg5 1-0

[Event "Nachod op 9th"]
[Site "Nachod"]
[Date "2011.07.04"]
[Round "3.6"]
[White "Sergienko, Sergey"]
[Black "Velecky, Viktor"]
[Result "1-0"]
[WhiteElo "2411"]
[BlackElo "2161"]
[PlyCount "23"]
[EventDate "2011.07.02"]
[EventType "swiss"]
[EventRounds "9"]
[EventCountry "CZE"]
[SourceTitle "EXT 2012"]
[Source "ChessBase"]
[SourceDate "2011.11.24"]
[SourceVersion "1"]
[SourceVersionDate "2011.11.24"]
[SourceQuality "1"]

1. e4 c6 2. d4 d5 3. e5 Bf5 4. Nd2 e6 5. Nb3 Nd7 6. Nf3 Bg4 7. Be2 a6 8. 0-0 c5 9. dxc5 Nxc5 10. Qd4 Nxb3 11. axb3 Bh5 12. Qa4+ 1-0

[Event "Nachod op 9th"]
[Site "Nachod"]
[Date "2011.07.02"]
[Round "1.20"]
[White "Saucuk, Martin"]
[Black "Velecky, Viktor"]
[Result "0-1"]
[WhiteElo "1839"]
[BlackElo "2161"]
[PlyCount "82"]
[EventDate "2011.07.02"]
[EventType "swiss"]
[EventRounds "9"]
[EventCountry "CZE"]
[SourceTitle "EXT 2012"]
[Source "ChessBase"]
[SourceDate "2011.11.24"]
[SourceVersion "1"]
[SourceVersionDate "2011.11.24"]
[SourceQuality "1"]

1. e4 c6 2. d4 d5 3. exd5 cxd5 4. c4 Nf6 5. Nc3 e6 6. Nf3 Be7 7. Be2 0-0 8. 0-0 a6 9. Rb1 dxc4 10. Bxc4 b5 11. Bb3 Bb7 12. Bf4 b4 13. Ne2 Nc6 14. Qd2 Na5 15. Bc2 Qd5 16. Bg3 Rfd8 17. Nf4 Qb5 18. Rfe1 Nc6 19. Rbd1 Rac8 20. Qe2 Qxe2 21. Rxe2 Na5 22. Ne5 g5 23. Nh3 Nh5 24. f4 Nxg3 25. hxg3 Nc4 26. Bb3 Nxe5 27. dxe5 Rxd1+ 28. Bxd1 Bd5 29. Bb3 Rc1+ 30. Kh2 Bxb3 31. axb3 g4 32. Nf2 h5 33. Ne4 Rd1 34. Nf2 Rd5 35. Rc2 Rc5 36. Rc4 a5 37. Kg1 Rxc4 38. bxc4 Bc5 39. Kf1 Bxf2 40. Kxf2 a4 41. c5 Kf8 0-1

[Event "Polanica Zdroj op-B 42nd"]
[Site "Polanica Zdroj"]
[Date "2006.08.23"]
[Round "4"]
[White "Galyga, Jozef"]
[Black "Velecky, Viktor"]
[Result "1/2-1/2"]
[WhiteElo "1999"]
[BlackElo "2104"]
[PlyCount "88"]
[EventDate "2006.08.20"]
[EventType "swiss"]
[EventRounds "7"]
[EventCountry "POL"]
[SourceTitle "CBM 113 Extra"]
[Source "ChessBase"]
[SourceDate "2006.09.14"]
[SourceVersion "1"]
[SourceVersionDate "2006.09.14"]
[SourceQuality "1"]

1. e4 c6 2. d3 d5 3. Nd2 e5 4. Ngf3 Bd6 5. g3 f5 6. Bg2 Nf6 7. Qe2 0-0 8. 0-0 Qc7 9. b3 fxe4 10. dxe4 Bg4 11. Bb2 Nbd7 12. h3 Bh5 13. g4 Nxg4 14. hxg4 Bxg4 15. Rae1 Rf4 16. exd5 cxd5 17. Qd3 d4 18. Qc4+ Qxc4 19. Nxc4 Bxf3 20. Bxf3 Rxf3 21. Nxd6 Raf8 22. Ne4 Nf6 23. Nxf6+ gxf6 24. Kg2 Rf5 25. f3 Rc8 26. Re2 Rg5+ 27. Kf2 Rh5 28. Rg1+ Kf7 29. Ke1 b5 30. a3 a5 31. Kd1 b4 32. Reg2 Ke6 33. axb4 axb4 34. f4 Kf5 35. fxe5 fxe5 36. Re1 Rh4 37. Rge2 Rc5 38. Rf1+ Rf4 39. Rxf4+ Kxf4 40. Bc1+ Kf3 41. Bd2 Rb5 42. Rh2 Rb7 43. Rh6 Ke4 44. Ke2 Rc7 1/2-1/2

[Event "CZE-chT2c 0506"]
[Site "Czech Republic"]
[Date "2006.02.12"]
[Round "7.4"]
[White "Koubek, Vaclav"]
[Black "Velecky, Viktor"]
[Result "1-0"]
[WhiteElo "2153"]
[BlackElo "2146"]
[PlyCount "73"]
[EventDate "2005.10.16"]
[EventType "team"]
[EventRounds "11"]
[EventCountry "CZE"]
[SourceTitle "EXT 2009"]
[Source "ChessBase"]
[SourceDate "2008.11.26"]
[SourceVersion "1"]
[SourceVersionDate "2008.11.26"]
[SourceQuality "1"]
[WhiteTeam "Praha Praga II"]
[BlackTeam "Nachod"]
[WhiteTeamCountry "CZE"]
[BlackTeamCountry "CZE"]

1. e4 c6 2. d4 d5 3. e5 Bf5 4. Nc3 e6 5. g4 Bg6 6. Nge2 h6 7. Nf4 Bh7 8. Be3 Qb6 9. Rb1 Ne7 10. Bd3 Bxd3 11. Qxd3 Nd7 12. 0-0 g5 13. Nh5 Ng6 14. Ne2 0-0-0 15. b4 Be7 16. b5 c5 17. c3 Ndxe5 18. dxe5 Nxe5 19. Qd1 Nxg4 20. a4 Nxe3 21. fxe3 c4 22. Nd4 f5 23. Qe2 Rh7 24. a5 Qd6 25. e4 dxe4 26. a6 Qd5 27. axb7+ Kxb7 28. Rfd1 Rf7 29. Kf1 e3 30. Kg1 Bc5 31. Nxe6 Qxe6 32. Rxd8 Qe4 33. Rbd1 f4 34. Nf6 Qe6 35. Nd7 Bb6 36. Qf3+ Kc7 37. Rc8+ 1-0

[Event "Hradec Kralove Region-chT 0506"]
[Site "Czech Republic"]
[Date "2006.01.22"]
[Round "6.3"]
[White "Velecky, Viktor"]
[Black "Zatloukal, Vaclav"]
[Result "0-1"]
[WhiteElo "2146"]
[BlackElo "1953"]
[PlyCount "90"]
[EventDate "2005.10.23"]
[EventType "team-tourn"]
[EventRounds "11"]
[EventCountry "CZE"]
[SourceTitle "EXT 2024"]
[Source "ChessBase"]
[SourceDate "2023.10.10"]
[SourceVersion "1"]
[SourceVersionDate "2023.10.10"]
[SourceQuality "1"]
[WhiteTeam "Nachod Sokol"]
[BlackTeam "Rychnov nad Kneznou"]
[WhiteTeamCountry "CZE"]
[BlackTeamCountry "CZE"]

1. d4 d5 2. Nf3 Nf6 3. Bg5 h6 4. Bf4 Bf5 5. e3 e6 6. Bd3 Bb4+ 7. c3 Bd6 8. Bxf5 exf5 9. Bxd6 Qxd6 10. 0-0 0-0 11. Nbd2 Ne4 12. Ne5 Nxd2 13. Qxd2 Nd7 14. Nd3 Nf6 15. Rac1 Ng4 16. g3 Rfe8 17. c4 c6 18. cxd5 Qxd5 19. Rc5 Qe6 20. b4 Nf6 21. Qc2 Ne4 22. Re5 Qf6 23. Ra5 a6 24. Ne5 g6 25. Ra3 Rad8 26. Rb3 Qe6 27. a4 Nd2 28. Rc3 Nxf1 29. Kxf1 Qd5 30. Qb3 Qxb3 31. Rxb3 Rd5 32. Nd3 Re7 33. Nc5 g5 34. b5 cxb5 35. axb5 Rd6 36. b6 a5 37. Kg2 f4 38. gxf4 gxf4 39. Kf3 fxe3 40. fxe3 Rf6+ 41. Ke2 Kf8 42. d5 Rd6 43. Rd3 Ke8 44. Kf3 Rxb6 45. e4 Rc7 0-1

[Event "CZE-chT2c 0506"]
[Site "Czech Republic"]
[Date "2005.12.18"]
[Round "5.4"]
[White "Vodicka, Vlastimil"]
[Black "Velecky, Viktor"]
[Result "1-0"]
[WhiteElo "2237"]
[BlackElo "2146"]
[PlyCount "93"]
[EventDate "2005.10.16"]
[EventType "team"]
[EventRounds "11"]
[EventCountry "CZE"]
[SourceTitle "EXT 2009"]
[Source "ChessBase"]
[SourceDate "2008.11.26"]
[SourceVersion "1"]
[SourceVersionDate "2008.11.26"]
[SourceQuality "1"]
[WhiteTeam "Mlada Boleslav"]
[BlackTeam "Nachod"]
[WhiteTeamCountry "CZE"]
[BlackTeamCountry "CZE"]

1. d4 e6 2. c4 d5 3. Nf3 Nf6 4. Nc3 Be7 5. Bg5 Nbd7 6. e3 0-0 7. Rc1 b6 8. cxd5 exd5 9. Bd3 Bb7 10. 0-0 c5 11. Bb1 a6 12. Ne5 Rc8 13. f4 Re8 14. Qf3 b5 15. Bf5 g6 16. Bxf6 Nxf6 17. Bxc8 Bxc8 18. Nc6 Qd6 19. Nxe7+ Qxe7 20. dxc5 Qxc5 21. Rfe1 Bg4 22. Qg3 Bf5 23. Ne2 Qb4 24. Nd4 Ne4 25. Qf3 Qxb2 26. Nxf5 gxf5 27. Qe2 Qa3 28. Qc2 Re6 29. Qb3 Qa5 30. Qxd5 Nd6 31. Rcd1 Qc3 32. Qd4 Qa3 33. Re2 b4 34. Qc5 Qc3 35. Rc2 Qxc5 36. Rxc5 Ne4 37. Rxf5 Nc3 38. Rd8+ Kg7 39. Rg5+ Kf6 40. Ra5 Rxe3 41. Rxa6+ Kf5 42. Kf2 Re2+ 43. Kf3 f6 44. Rdd6 Ne4 45. Rxf6+ Nxf6 46. Rxf6+ Kxf6 47. Kxe2 1-0